| 000 | 00902nam a22002651u 4500 | ||
|---|---|---|---|
| 001 | 06218 | ||
| 003 | HDC | ||
| 007 | cr bn --- | ||
| 008 | 211223p2015 xx fo d 00 g | ||
| 040 | _aHDC | ||
| 100 |
_aKondratjev, Juri _eauthor _96545 |
||
| 245 | 0 |
_aLogistics. : _bTransportation and warehouse in supply chain / _cby Juri Kondratjev |
|
| 260 |
_a[No place] : _b[publisher not identified], _c2015 |
||
| 300 | _a61 pages | ||
| 336 |
_atext _2rdacontent |
||
| 337 |
_acomputer _2rdamedia |
||
| 338 |
_aonline resource _2rdacarrier |
||
| 650 | _aInformation technologies | ||
| 650 |
_aLogistics _xTransportation _96546 |
||
| 650 |
_aSupply chain _9537 |
||
| 856 | _zRequest full-text at [email protected] | ||
| 942 | _2lcc | ||
| 942 | _cTHE | ||
| 942 | _kTHES 000094 | ||
| 999 |
_c3542 _d3542 |
||